[Event "Ikki_de_Fenix"]
[Site "http://www.queenalice.com/game.php?id=358139"]
[Date "2008.2.20"]
[Round "1"]
[White "amaralch7"]
[Black "valeriafsouza"]
[Result "0-1"]
[WhiteElo "1622"]
[BlackElo "1861"]

1. e4 c5 2. Nf3 d6 3. Ng5 e6 4. Nxf7 Kxf7 5. Qh5+ g6 6. Qf3+ Qf6 7. Qb3 Nc6 8.
c3 Bh6 9. Bc4 Na5 10. Qb5 Nxc4 11. Qxc4 Ne7 12. O-O Rf8 13. Na3 a6 14. Re1 b5
15. Nxb5 axb5 16. Qxb5 Kg8 17. f3 Qh4 18. g3 Qf6 19. d3 Bxc1 20. Raxc1 Qxf3 21.
Qb3 Qxd3 22. Kh1 Rf2 23. Qd1 Qxd1 24. Rcxd1 Rxa2 25. Rxd6 Raxb2 26. Rd8+ Kf7 27.
h4 Rh2+ 28. Kg1 Rbg2+ 29. Kf1 Ba6+ 0-1

[Event "Challenge"]
[Site "http://www.queenalice.com/game.php?id=364534"]
[Date "2008.3.2"]
[Round "-"]
[White "valeriafsouza"]
[Black "Mateusao_99"]
[Result "1-0"]
[WhiteElo "1908"]
[BlackElo "1801"]

1. d4 d5 2. c4 e6 3. Nc3 Nf6 4. Bg5 h6 5. Bh4 Nc6 6. cxd5 exd5 7. Bxf6 Qxf6 8.
Nxd5 Qd8 9. e4 Bb4+ 10. Nxb4 Nxb4 11. Qa4+ c6 12. Qxb4 a5 13. Qb3 Qxd4 14. Qc2
Qb4+ 15. Kd1 Be6 16. Nf3 Rd8+ 17. Kc1 Bg4 18. Be2 Bxf3 19. Bxf3 Rd4 20. b3 O-O
21. Rd1 Qa3+ 22. Kb1 Rfd8 23. h3 Qb4 24. Kb2 a4 25. a3 Qb6 26. b4 Qb5 27. Rxd4
Rxd4 28. Rd1 Rxd1 29. Qxd1 c5 30. Qd8+ Kh7 31. Qd5 b6 32. e5 g6 33. Qxf7+ Kh8
34. e6 cxb4 35. Qf8+ Kh7 36. Qxb4 Qe5+ 37. Kb1 Qxe6 38. Qxa4 Qe1+ 39. Qd1 Qxf2
40. Qd7+ Kh8 41. Qe8+ Kg7 42. Qe2 Qh4 43. Qb2+ Kf7 44. Bd5+ Ke7 45. Qb4+ Qxb4+
46. axb4 Kd6 47. Bf7 g5 48. Kc2 Ke7 49. Bh5 Kd6 50. Kc3 Kd5 51. Kd3 b5 52. Be8
1-0

[Event "Let's Play Chess!"]
[Site "http://www.queenalice.com/game.php?id=364552"]
[Date "2008.3.3"]
[Round "-"]
[White "valeriafsouza"]
[Black "inguitar"]
[Result "1-0"]
[WhiteElo "1926"]
[BlackElo "1776"]

1. d4 d5 2. c4 e6 3. Nf3 Nf6 4. Nc3 Bb4 5. Bg5 h6 6. Bh4 Be7 7. e3 Nc6 8. Bd3
Nd7 9. Bg3 Nb6 10. c5 Nc4 11. Bxc4 dxc4 12. Qa4 Bd7 13. Qxc4 O-O 14. O-O Bf6 15.
Nb5 Rc8 16. Rfd1 a6 17. Nc3 Ne7 18. Rac1 Nf5 19. Be5 Bc6 20. Bxf6 Qxf6 21. Ne5
Qg5 22. Nxc6 bxc6 23. Qxa6 Nh4 24. Qxc6 f5 25. Qxe6+ Kh8 26. Qc6 f4 27. Qd5 Qg6
28. Qe4 Rf5 29. Nd5 Re8 30. Nxf4 Rxe4 31. Nxg6+ Nxg6 32. a4 Ne7 33. a5 Nc6 34.
Ra1 Rf8 35. a6 Ra8 36. Rdb1 Nb4 37. Ra4 Nc6 38. b4 Nxd4 39. exd4 Rxd4 40. a7 Kg8
41. g3 Kf7 42. Re1 Rd2 43. b5 Rc2 44. b6 cxb6 45. cxb6 Rb2 46. Rf4+ Kg8 47. Rfe4
1-0

[Event "AUTO-OPEN-1040"]
[Site "http://www.queenalice.com/game.php?id=364633"]
[Date "2008.3.3"]
[Round "1"]
[White "jns"]
[Black "valeriafsouza"]
[Result "0-1"]
[WhiteElo "1434"]
[BlackElo "1958"]

1. e4 c5 2. Bc4 d6 3. d4 cxd4 4. Qxd4 Nc6 5. Qd5 e6 6. Bg5 Qxg5 7. Qxg5 a6 8. c3
Nf6 9. Nd2 Ne5 10. Rd1 Nxc4 11. Nxc4 Nxe4 12. Nxd6+ Nxd6 13. Rxd6 Bxd6 14. Qxg7
Rf8 15. Qxh7 Bd7 16. Nh3 Bc6 17. O-O O-O-O 18. Ng5 Rh8 19. Qxf7 Bxh2+ 20. Kh1
Bf4+ 21. Nh3 Rxh3+ 22. Kg1 Bh2+ 23. Kh1 Rh6 24. Re1 Bd5 25. b3 Rdh8 26. Re3 Bg3+
0-1

[Event "AUTO-OPEN-1040"]
[Site "http://www.queenalice.com/game.php?id=364634"]
[Date "2008.3.3"]
[Round "1"]
[White "valeriafsouza"]
[Black "jns"]
[Result "1-0"]
[WhiteElo "1958"]
[BlackElo "1426"]

1. d4 d5 2. c4 dxc4 3. Nf3 e6 4. Nc3 Nc6 5. Bf4 b6 6. Nb5 Ba6 7. Nxc7+ Kd7 8.
Nxa6 Bd6 9. Bxd6 Kxd6 10. Ne5 Nxe5 11. dxe5+ Kxe5 12. Qxd8 Rxd8 13. Nb4 Nf6 14.
Nc6+ Kf5 15. Nxd8 Rxd8 16. e3 Ne4 17. Bxc4 Rd2 18. f3 Rxb2 19. fxe4+ Kxe4 20.
O-O Kxe3 21. Rxf7 Rc2 22. Bxe6 b5 23. Rxa7 Rf2 24. Re1+ Re2 25. Rxe2+ Kxe2 26.
Rxg7 1-0

[Event "AUTO-OPEN-1040"]
[Site "http://www.queenalice.com/game.php?id=364661"]
[Date "2008.3.3"]
[Round "1"]
[White "enzoiazolevrai"]
[Black "valeriafsouza"]
[Result "1-0"]
[WhiteElo "1830"]
[BlackElo "1935"]

1. d4 Nf6 2. Nf3 d5 3. Bf4 e6 4. e3 c6 5. Bd3 Qb6 6. b3 Nbd7 7. O-O Be7 8. Nbd2
O-O 9. c4 Re8 10. e4 dxe4 11. Nxe4 Nxe4 12. Bxe4 Nf6 13. Bc2 Bb4 14. Qd3 Bd7 15.
Be5 Be7 16. Bxf6 Bxf6 17. Qxh7+ Kf8 18. Ne5 Qxd4 19. Nxd7+ Qxd7 20. Rad1 Qc7 21.
Qh8+ Ke7 22. Qh3 Rad8 23. Qe3 b6 24. c5 b5 25. b4 Be5 26. Qg5+ Bf6 27. Qe3 a5
28. bxa5 Qxa5 29. Rxd8 Rxd8 30. Bb3 Bd4 31. Qg5+ Bf6 32. Qg3 Qa7 33. Rc1 Bd4 34.
Qg5+ Bf6 35. Qg4 1-0

[Event "AUTO-OPEN-1040"]
[Site "http://www.queenalice.com/game.php?id=364662"]
[Date "2008.3.3"]
[Round "1"]
[White "valeriafsouza"]
[Black "enzoiazolevrai"]
[Result "1-0"]
[WhiteElo "1989"]
[BlackElo "1812"]

1. d4 d5 2. c4 e6 3. Nc3 Nf6 4. Bg5 Be7 5. Nf3 O-O 6. e3 Nbd7 7. Bd3 c5 8. O-O
cxd4 9. exd4 dxc4 10. Bxc4 Nb6 11. Bb3 Nfd5 12. Bxe7 Qxe7 13. Re1 Qd6 14. Rc1
Bd7 15. Ne4 Qe7 16. Nc5 Qd6 17. Nxb7 Qb8 18. Nc5 h6 19. Ne5 Qd6 20. Nb7 Qe7 21.
a4 Rab8 22. Nc5 Be8 23. a5 Nd7 24. Nc6 Qd6 25. Nxb8 Qxb8 26. Nxd7 Bxd7 27. Bxd5
exd5 28. Qd2 Bf5 29. Rc5 Qb3 30. Rc7 Qb8 31. Ree7 Be6 32. Rxa7 Qb3 33. Reb7 Qa4
34. h3 1-0

[Event "Sou de Além Paraíba, MG e vc ?"]
[Site "http://www.queenalice.com/game.php?id=397559"]
[Date "2008.5.3"]
[Round "-"]
[White "frankcasadio"]
[Black "valeriafsouza"]
[Result "1-0"]
[WhiteElo "1900"]
[BlackElo "1998"]

1. e4 c5 2. Bc4 d6 3. Nc3 Nc6 4. Nf3 Nf6 5. d4 cxd4 6. Nxd4 Qb6 7. Nxc6 bxc6 8.
Bb3 Ba6 9. Be3 Qb4 10. Qd4 Qa5 11. Ba4 Qc7 12. f4 e6 13. e5 dxe5 14. fxe5 Nd7
15. Bf4 Bc5 16. Qe4 Rc8 17. O-O-O O-O 18. h4 1-0

[Event "Challenge"]
[Site "http://www.queenalice.com/game.php?id=398960"]
[Date "2008.5.6"]
[Round "-"]
[White "clemerson"]
[Black "valeriafsouza"]
[Result "1-0"]
[WhiteElo "2043"]
[BlackElo "1978"]

1. e4 c5 2. c3 d6 3. d4 cxd4 4. cxd4 Nf6 5. Nc3 Nc6 6. Bb5 Bd7 7. Bg5 e6 8. Nf3
Be7 9. O-O O-O 10. Rc1 Rc8 11. a3 h6 12. Bh4 Na5 13. Bxd7 Nxd7 14. Bxe7 Qxe7 15.
Qa4 b6 16. Rfe1 Rc4 17. b4 Nf6 18. Qb5 Rfc8 19. bxa5 Rxc3 20. Rxc3 Rxc3 21. axb6
1-0